Представление документа в формате MARC21

Поле Инд. ПП Название Значение
Тип записи a
Библиографический уровень a
001 Контрольный номер e3697cffd47c40228037b8df57ceaf4d
005 Дата корректировки 20210224151934.3
040 a Служба первич. каталог. НБ ТвГУ
b Код языка каталог. rus
e Правила каталог. PSBO
041 0_ a Код языка текста rus
097 b Оператор Komarova.ES
098 b Факультет Институт педагогического образования и социальных технологий
c Кафедра Русского языка с методикой начального обучения
100 1_ a Автор Милюгина Елена Георгиевна
q Полное имя Милюгина Е. Г.
245 10 a Заглавие Внеурочная деятельность как педагогический ресурс формирования музыкально-эстетического кругозора младших школьников
260 a Место издания Тверь
504 a Библиография Библиогр.: с. 47 (6 назв.)
520 0_ a Аннотация В статье актуализирована задача эстетического развития личности обучающихся в условиях начального общего образования посредством формирования их музыкальноэстетического кругозора. В качестве педагогического ресурса данной работы предложено использовать внеурочную деятельность общеобразовательной школы. Сформулированы основные подходы к организации и реализации внеурочной деятельности младших школьников, ориентированной на формирование их музыкально-эстетического кругозора.
653 0_ a Ключевые слова Труды Тверского государственного университета
a Ключевые слова Младшие школьники
a Ключевые слова Эстетика
a Ключевые слова Внеурочная деятельность
a Ключевые слова Исследования
a Ключевые слова Педагогика
a Ключевые слова Речевая коммуникация
700 12 a Другие авторы Ягнюк Яна Вячеславовна
q Полное имя Ягнюк Я. В.
773 18 w Контрольный № источника 7e15894b3bf841839de261c5f071005b
t Название источника Молодежь и государство: научно-методологические, социально-педагогические и психологические аспекты развития современного образования
d Место и дата издания Тверь, 2020
g Прочая информация С. 44-48
856 40 u URL http://texts.lib.tversu.ru/texts/150141t.pdf
x Примечание для ЭОР Справка УИС 2020
x Примечание для ЭОР Реестр суммарного учета сетевых локальных документов
i Дата подключения ЭОР 20210224
901 t Тип документа a
920 a Оператор Кома
954 b Дата поступления в ОК 20210216